[Event "3rd EUR-ch"]
[Site "Batumi GEO"]
[Date "2002.06.21"]
[Round "9"]
[White "Arman, Deniz"]
[Black "Erdogan, Hakan"]
[Result "1-0"]
[WhiteElo "2119"]
[BlackElo "2233"]
[EventDate "2002.06.12"]
[PlyCount "71"]

1.e4 c5 2.Nf3 d6 3.d4 cxd4 4.Nxd4 Nf6 5.Nc3 g6 6.Be3 Bg7 7.f3 Nc6 8.Qd2 
Bd7 9.O-O-O Rc8 10.g4 h5 11.g5 Nh7 12.h4 O-O 13.Nxc6 bxc6 14.Bd4 Qa5 15.
Bxg7 Kxg7 16.Bh3 Be6 17.f4 Rb8 18.Bxe6 fxe6 19.Rhf1 Qb4 20.b3 a5 21.Rf3 a4
22.Rdf1 axb3 23.cxb3 Ra8 24.Kb2 c5 25.f5 exf5 26.exf5 Rxf5 27.Rxf5 gxf5 
28.Qe2 Qb7 29.Re1 e5 30.Qxh5 Qd7 31.Qh6+ Kg8 32.Nd5 Qg7 33.Qxd6 e4+ 34.Kb1
c4 35.Ne7+ Kh8 36.Ng6+ 1-0

[Event "3rd EUR-ch"]
[Site "Batumi GEO"]
[Date "2002.06.22"]
[Round "10"]
[White "Gelashvili, Tamaz"]
[Black "Asrian, Karen"]
[Result "0-1"]
[WhiteElo "2547"]
[BlackElo "2591"]
[EventDate "2002.06.12"]
[PlyCount "78"]

1.e4 c6 2.d4 d5 3.e5 Bf5 4.h4 h5 5.c4 e6 6.Nc3 Ne7 7.Bg5 Qb6 8.Qd2 Nd7 9.
Nf3 f6 10.exf6 gxf6 11.Be3 Rg8 12.g3 Qa5 13.c5 b6 14.cxb6 Nxb6 15.Ne4 
Qxd2+ 16.Nexd2 a5 17.Rc1 a4 18.Be2 Kd7 19.O-O Bg4 20.Rfe1 Nf5 21.Bf4 Bb4 
22.Kf1 Bxf3 23.Bxf3 Nxd4 24.Bxh5 e5 25.Be3 Nf5 26.Rc2 Nxe3+ 27.Rxe3 Bxd2 
28.Rf3 Bb4 29.Rxf6 Bd6 30.g4 Raf8 31.Bf7 Rg7 32.Be6+ Kc7 33.Rh6 e4 34.b3 
d4 35.Bf5 d3 36.Rc1 Nd5 37.Rc4 e3 38.Bxd3 Rxf2+ 39.Kg1 Nf4 0-1

[Event "3rd EUR-ch"]
[Site "Batumi GEO"]
[Date "2002.06.22"]
[Round "10"]
[White "Gashimov, Vugar"]
[Black "Kacheishvili, Giorgi"]
[Result "1/2-1/2"]
[WhiteElo "2470"]
[BlackElo "2584"]
[EventDate "2002.06.12"]
[PlyCount "43"]

1.e4 c5 2.Nf3 d6 3.d4 cxd4 4.Nxd4 Nf6 5.Nc3 Nc6 6.Be2 e5 7.Nf3 h6 8.O-O 
Be7 9.Re1 O-O 10.h3 Be6 11.Bf1 Qd7 12.b3 a6 13.Na4 Bd8 14.c4 Ba5 15.Bd2 
Bc7 16.Nc3 Rae8 17.a3 Nh7 18.Be3 Bd8 19.Ra2 Ng5 20.Nxg5 Bxg5 21.Rd2 Rd8 
22.Bxg5 1/2-1/2

[Event "3rd EUR-ch"]
[Site "Batumi GEO"]
[Date "2002.06.22"]
[Round "10"]
[White "Sulskis, Sarunas"]
[Black "Mchedlishvili, Mikheil"]
[Result "1-0"]
[WhiteElo "2577"]
[BlackElo "2540"]
[EventDate "2002.06.12"]
[PlyCount "81"]

1.e4 c6 2.c4 e5 3.Nf3 d6 4.d4 Nd7 5.Nc3 Ngf6 6.Be2 g6 7.O-O Bg7 8.d5 c5 9.
a3 O-O 10.b4 b6 11.Bg5 h6 12.Bh4 Nb8 13.bxc5 bxc5 14.Rb1 Bd7 15.Qc2 Na6 
16.Nd2 Qe7 17.Nb3 Rfb8 18.Na5 Rb6 19.Nc6 Qe8 20.Bxf6 Bxf6 21.Rxb6 axb6 22.
Rb1 Bd8 23.Qd2 Kg7 24.Nxd8 Qxd8 25.f4 f6 26.h3 Rb8 27.Bg4 Be8 28.fxe5 fxe5
29.Bd1 Nc7 30.Rb3 Qh4 31.Qb2 Qe1+ 32.Kh2 Na8 33.Bg4 h5 34.Be6 h4 35.Ne2 g5
36.Rf3 Bh5 37.Qb5 Rd8 38.Qc6 Bxf3 39.Qb7+ Kh6 40.Bf5 Rh8 41.Qf7 1-0

[Event "3rd EUR-ch"]
[Site "Batumi GEO"]
[Date "2002.06.22"]
[Round "10"]
[White "Sturua, Zurab"]
[Black "Goloshchapov, Alexander"]
[Result "1-0"]
[WhiteElo "2565"]
[BlackElo "2543"]
[EventDate "2002.06.12"]
[PlyCount "102"]

1.c4 Nf6 2.Nc3 d5 3.cxd5 Nxd5 4.Nf3 g6 5.Qa4+ Nc6 6.Ne5 Nb4 7.a3 Bg7 8.
axb4 Bxe5 9.b5 Nb8 10.g3 O-O 11.Bg2 c6 12.O-O a6 13.bxc6 Nxc6 14.e3 Bxc3 
15.bxc3 b5 16.Qa3 Bb7 17.d4 Qd7 18.Bb2 Rfc8 19.e4 a5 20.Rfe1 a4 21.Bf1 b4 
22.cxb4 Nxd4 23.Rad1 e5 24.b5 Rd8 25.Bxd4 exd4 26.Bd3 Qd6 27.Ra1 Qxa3 28.
Rxa3 Rdc8 29.Rea1 Rc3 30.Rxc3 dxc3 31.Ra3 Kf8 32.f3 Ke7 33.Kf2 Kd6 34.Ke3 
Kc5 35.Rxc3+ Kb4 36.Rc7 a3 37.Bc4 Rc8 38.Rxc8 Bxc8 39.Bxf7 Kxb5 40.Kd4 Kb4
41.Ba2 Bd7 42.e5 Ba4 43.e6 Bb3 44.e7 Ba4 45.f4 h5 46.h3 Be8 47.g4 hxg4 48.
hxg4 Kb5 49.Kd5 Kb4 50.Kd6 Kc3 51.Kc7 Kd4 1-0

[Event "3rd EUR-ch"]
[Site "Batumi GEO"]
[Date "2002.06.22"]
[Round "10"]
[White "Minasian, Ara"]
[Black "Marin, Mihail"]
[Result "1-0"]
[WhiteElo "2473"]
[BlackElo "2556"]
[EventDate "2002.06.12"]
[PlyCount "167"]

1.Nf3 d6 2.d4 g6 3.g3 Bg7 4.Bg2 f5 5.O-O Nf6 6.b3 O-O 7.Bb2 Qe8 8.c4 Na6 
9.Nbd2 e5 10.dxe5 Ng4 11.Ba3 Nxe5 12.e3 Rb8 13.Nxe5 Qxe5 14.Bd5+ Kh8 15.
Rb1 Qe7 16.b4 c5 17.b5 Nc7 18.Bg2 Be6 19.b6 axb6 20.Rxb6 Na8 21.Rb5 b6 22.
Qb1 Bd7 23.Rb3 Ba4 24.Rb2 Qa7 25.Qd3 Rfd8 26.e4 f4 27.gxf4 Qf7 28.Nf3 Qxf4
29.Re2 Nc7 30.Bc1 Qf8 31.Ng5 h6 32.Nh3 Qf6 33.Bb2 Qf7 34.Qg3 Ne6 35.e5 
dxe5 36.Bd5 Nf4 37.Nxf4 Qxf4 38.Bxe5 Bxe5 39.Rxe5 Qxg3+ 40.fxg3 Re8 41.
Rxe8+ Rxe8 42.Rf6 Re1+ 43.Kf2 Ra1 44.Rxg6 Rxa2+ 45.Ke3 Kh7 46.Rxb6 Rxh2 
47.Ra6 Bd1 48.Kf4 Rf2+ 49.Ke5 Bf3 50.Rf6 Re2+ 51.Kd6 Bg4 52.Kxc5 Re3 53.
Kc6 Rxg3 54.Be4+ Kg7 55.Rg6+ Kf8 56.Rxh6 Rh3 57.Rxh3 Bxh3 58.Kd6 Bf1 59.c5
Bb5 60.Bc6 Be2 61.Ba4 Bf3 62.Bd7 Bg2 63.Bc6 Bf1 64.Bf3 Bb5 65.Bh5 Ba4 66.
Bf3 Bb5 67.Bb7 Ba4 68.Bc8 Ke8 69.Kc7 Ke7 70.Bg4 Be8 71.Bf3 Ba4 72.Kb7 Kf6 
73.Kb6 Ke5 74.Be2 Kd4 75.Bb5 Bd1 76.c6 Bg4 77.c7 Kd5 78.Be2 Bc8 79.Ba6 Bg4
80.Kb7 Kc5 81.Kb8 Kb6 82.Bc8 Bf3 83.Bf5 Bb7 84.Bd3 1-0

[Event "3rd EUR-ch"]
[Site "Batumi GEO"]
[Date "2002.06.22"]
[Round "10"]
[White "Bagirov, Rufat"]
[Black "Alexandrov, Alexei"]
[Result "1/2-1/2"]
[WhiteElo "2516"]
[BlackElo "2654"]
[EventDate "2002.06.12"]
[PlyCount "130"]

1.d4 Nf6 2.c4 e6 3.Nf3 d5 4.Nc3 Bb4 5.Bg5 h6 6.Bxf6 Qxf6 7.e3 O-O 8.Rc1 
dxc4 9.Bxc4 c5 10.a3 cxd4 11.exd4 Bxc3+ 12.Rxc3 Nc6 13.O-O Rd8 14.Rd3 b6 
15.b4 Bb7 16.Re1 Ne7 17.Ne5 Rd6 18.Ng4 Qg6 19.f3 Rad8 20.Qa4 Nc6 21.b5 Na5
22.Ne5 Qf5 23.Red1 f6 24.Ng4 h5 25.Ne3 Qg5 26.d5 Kh8 27.Ba2 Bxd5 28.f4 Qg6
29.Nxd5 exd5 30.Bxd5 Nb7 31.Be4 Qe8 32.Rxd6 Nxd6 33.Bf3 Qe3+ 34.Kf1 Re8 
35.Qd4 Nf5 36.Qd7 Nh4 37.Qf7 Nxf3 38.Qxh5+ Kg8 39.Qxf3 Qxf3+ 40.gxf3 Re3 
41.Kf2 Rxa3 42.Rd7 Kh7 43.Kg3 Ra5 44.Kg4 Kg6 45.f5+ Kh6 46.h4 Ra4+ 47.f4 
Ra1 48.Rd8 Rg1+ 49.Kf3 Kh7 50.Rd7 Ra1 51.Kg4 Ra5 52.Rb7 Rxb5 53.Rxa7 Rb1 
54.Rb7 b5 55.Kh5 b4 56.Rb8 b3 57.Rb7 Kg8 58.Rb8+ Kf7 59.Rb7+ Kf8 60.Rb8+ 
Ke7 61.Rb7+ Kd6 62.Rxg7 Kd5 63.Rb7 b2 64.Kh6 Ke4 65.Rb5 Kxf4 1/2-1/2

[Event "3rd EUR-ch"]
[Site "Batumi GEO"]
[Date "2002.06.22"]
[Round "10"]
[White "Minasian, Artashes"]
[Black "Kekelidze, Mikheil"]
[Result "1-0"]
[WhiteElo "2572"]
[BlackElo "2477"]
[EventDate "2002.06.12"]
[PlyCount "81"]

1.Nf3 c5 2.c4 g6 3.e3 Bg7 4.d4 Nf6 5.Nc3 O-O 6.Be2 d6 7.O-O Nc6 8.d5 Na5 
9.a3 Nd7 10.Qc2 Nb6 11.Nd2 Bd7 12.b3 Rc8 13.Bb2 e5 14.Nce4 Bf5 15.Qc3 Bxe4
16.Nxe4 f5 17.Nxd6 Qxd6 18.Qxa5 Nd7 19.e4 Nf6 20.exf5 gxf5 21.Qxa7 e4 22.
Rab1 Ra8 23.Qxb7 Rfc8 24.b4 Rab8 25.Qa7 Qf4 26.Qa6 Rf8 27.Qe6+ Kh8 28.Be5 
Qd2 29.Bxb8 Rxb8 30.bxc5 Re8 31.Qxe8+ Nxe8 32.Rb8 Bd4 33.Rxe8+ Kg7 34.c6 
Qxe2 35.c7 e3 36.Re7+ Kf8 37.c8=Q+ Kxe7 38.d6+ Kf7 39.Qxf5+ Kg7 40.fxe3 
Bxe3+ 41.Kh1 1-0

[Event "3rd EUR-ch"]
[Site "Batumi GEO"]
[Date "2002.06.22"]
[Round "10"]
[White "Mamedov, Nidjat"]
[Black "Aronian, Levon"]
[Result "1/2-1/2"]
[WhiteElo "2463"]
[BlackElo "2571"]
[EventDate "2002.06.12"]
[PlyCount "110"]

1.e4 c5 2.Nf3 d6 3.d4 cxd4 4.Nxd4 Nf6 5.Nc3 g6 6.Be3 Bg7 7.f3 Nc6 8.Qd2 
O-O 9.O-O-O d5 10.Kb1 Nxd4 11.e5 Nf5 12.exf6 Bxf6 13.Nxd5 Qxd5 14.Qxd5 
Nxe3 15.Qd2 Nxd1 16.Qxd1 Bf5 17.Bc4 b5 18.Bb3 a5 19.g4 Bc8 20.Qe2 Rb8 21.
Rd1 e6 22.Qd2 Ra8 23.Qf4 Bg7 24.a4 bxa4 25.Qxa4 Bb7 26.Rd3 Rfc8 27.Rd6 
Bxf3 28.Qf4 Bc6 29.Ba4 g5 30.Qc4 Be8 31.Qe4 Rab8 32.b3 Rb4 33.Qd3 Rxg4 34.
Qd1 h5 35.Bxe8 Rxe8 36.Rd8 Rxd8 37.Qxd8+ Kh7 38.c4 Be5 39.c5 Bxh2 40.c6 
Rg1+ 41.Kc2 Bf4 42.Qf6 Kg8 43.Qd8+ Kh7 44.Qf6 Kg8 45.Qxf4 gxf4 46.c7 Rg2+ 
47.Kd3 Rg3+ 48.Kc4 Rg5 49.c8=Q+ Kg7 50.Kd4 Rf5 51.Qc2 f3 52.Qf2 Kf8 53.Ke3
h4 54.Kd2 h3 55.Ke1 Ke8 1/2-1/2

[Event "3rd EUR-ch"]
[Site "Batumi GEO"]
[Date "2002.06.22"]
[Round "10"]
[White "Riazantsev, Alexander"]
[Black "Cheparinov, Ivan"]
[Result "1-0"]
[WhiteElo "2527"]
[BlackElo "2457"]
[EventDate "2002.06.12"]
[PlyCount "110"]

1.d4 Nf6 2.c4 e6 3.Nf3 c5 4.d5 exd5 5.cxd5 d6 6.Nc3 g6 7.Bf4 Bg7 8.Qa4+ 
Bd7 9.Qb3 b5 10.Bxd6 Qb6 11.Be5 O-O 12.e3 c4 13.Qd1 Na6 14.Be2 b4 15.Nb1 
Rac8 16.O-O Rfd8 17.Nbd2 Bb5 18.Bd4 Qb7 19.a4 bxa3 20.Rxa3 Nxd5 21.Bxg7 
Kxg7 22.Qa1 Kg8 23.Nd4 Ndb4 24.N2f3 Rd5 25.Rc1 Rdc5 26.Rcc3 Bd7 27.Nd2 Bb5
28.Bf3 Qb6 29.Nxc4 Re5 30.Nd2 Rec5 31.Ra5 Nd5 32.Rxb5 Rxb5 33.Nxb5 Qxb5 
34.Bxd5 Qxd5 35.Nf1 Nc5 36.Qa5 a6 37.h3 Qe6 38.Rc2 Ne4 39.Nd2 Nxd2 40.Rxd2
Rb8 41.Qc7 Rc8 42.Qb7 Kg7 43.Rd7 Rc5 44.Rd8 Rb5 45.Qa8 Rxb2 46.Rg8+ Kf6 
47.Qd8+ Qe7 48.Qd4+ Qe5 49.Qh4+ Kf5 50.Qg4+ Kf6 51.Qh4+ Qg5 52.Qxh7 Rb1+ 
53.Kh2 Qe5+ 54.f4 Qa1 55.Qg7+ Kf5 1-0

[Event "3rd EUR-ch"]
[Site "Batumi GEO"]
[Date "2002.06.22"]
[Round "10"]
[White "Maherramzade, Javad"]
[Black "Anastasian, Ashot"]
[Result "0-1"]
[WhiteElo "2493"]
[BlackElo "2591"]
[EventDate "2002.06.12"]
[PlyCount "146"]

1.Nf3 c5 2.g3 b5 3.Bg2 Bb7 4.O-O Nf6 5.b3 e6 6.c4 a6 7.Bb2 Be7 8.d3 d6 9.
Nbd2 O-O 10.e3 Nc6 11.a3 Rb8 12.Qc2 Qd7 13.Rfd1 Rfc8 14.Rac1 Ba8 15.Ba1 
Qd8 16.h3 Nd7 17.Ne4 Na5 18.Ned2 Bf6 19.Bxf6 Nxf6 20.Qa2 Nc6 21.Qa1 h6 22.
Rb1 Qa5 23.Rbc1 bxc4 24.dxc4 Qc7 25.Qc3 a5 26.a4 Nb4 27.Qa1 Be4 28.Ne1 Bg6
29.Nb1 Bxb1 30.Qxb1 Rb6 31.Nc2 Nxc2 32.Rxc2 Rcb8 33.Rc3 Rb4 34.Qc2 R8b6 
35.Rdd3 Qb8 36.Kh2 g6 37.Qd1 Kg7 38.Qc2 h5 39.f4 e5 40.fxe5 dxe5 41.e4 Rd6
42.Rxd6 Qxd6 43.Rd3 Qc7 44.Qd1 Rb6 45.Qd2 Re6 46.Qc3 Re7 47.Qd2 Rd7 48.
Rxd7 Nxd7 49.h4 Nb8 50.Qd5 Na6 51.Bf3 Nb4 52.Qd2 Nc6 53.Qd5 Nd4 54.Bd1 Qe7
55.Kg2 f5 56.exf5 gxf5 57.Kf2 f4 58.Bxh5 fxg3+ 59.Kxg3 Nf5+ 60.Kf3 Qf6 61.
Qd7+ Kh6 62.Be8 Nd6+ 63.Kg2 e4 64.h5 Nf5 65.Qd2+ e3 66.Qd5 Qb2+ 67.Kf3 
Qf2+ 68.Kg4 Qg3+ 69.Kxf5 Qg5+ 70.Ke6 Qxd5+ 71.Kxd5 e2 72.Kxc5 e1=Q 73.Bb5 
Qe6 0-1

[Event "3rd EUR-ch"]
[Site "Batumi GEO"]
[Date "2002.06.22"]
[Round "10"]
[White "Zhukova, Natalia"]
[Black "Popov, Valery"]
[Result "1/2-1/2"]
[WhiteElo "2425"]
[BlackElo "2575"]
[EventDate "2002.06.12"]
[PlyCount "99"]

1.d4 d5 2.c4 c6 3.Nc3 Nf6 4.e3 a6 5.Nf3 b5 6.cxd5 cxd5 7.Ne5 e6 8.Bd3 Nbd7
9.f4 Bb7 10.Qf3 Bd6 11.O-O Rc8 12.Bd2 Nb6 13.Be1 Nc4 14.b3 Na3 15.Rc1 b4 
16.Ne2 Rxc1 17.Nxc1 Ne4 18.Qg4 O-O 19.Bh4 Be7 20.Bxe7 Qxe7 21.Bxe4 dxe4 
22.f5 exf5 23.Qxf5 Nb5 24.Ne2 f6 25.Nc4 g6 26.Qf4 Kg7 27.Ng3 Nc3 28.Nd6 
Bd5 29.Ndf5+ gxf5 30.Nxf5+ Kf7 31.Qh6 Qd7 32.Qxh7+ Ke8 33.Qh5+ Kd8 34.Qh6 
Rf7 35.Qh8+ Qe8 36.Qh6 Kd7 37.Rf2 Qe6 38.Qh8 Nd1 39.Rc2 Nc3 40.Rf2 Kc7 41.
Nh6 Re7 42.Rxf6 Qc8 43.Rf8 Qd7 44.Nf5 Rf7 45.Qe5+ Kb6 46.Rxf7 Qxf7 47.Qd6+
Ka7 48.Qc5+ Ka8 49.Qc8+ Ka7 50.Qc5+ 1/2-1/2

[Event "3rd EUR-ch"]
[Site "Batumi GEO"]
[Date "2002.06.22"]
[Round "10"]
[White "Kempinski, Robert"]
[Black "Bagaturov, Giorgi"]
[Result "0-1"]
[WhiteElo "2570"]
[BlackElo "2434"]
[EventDate "2002.06.12"]
[PlyCount "190"]

1.d4 Nf6 2.c4 e6 3.Nf3 b6 4.Nc3 Bb7 5.Qc2 c5 6.e4 cxd4 7.Nxd4 Nc6 8.Nxc6 
Bxc6 9.Be2 Qc7 10.O-O Bc5 11.Bd2 O-O 12.Rae1 Rac8 13.Bf3 Bd6 14.g3 b5 15.
cxb5 Bxb5 16.Be2 Bxe2 17.Rxe2 Ng4 18.f4 Bc5+ 19.Kg2 d5 20.exd5 exd5 21.Qd3
Rfd8 22.Qf3 Nf6 23.f5 Bb4 24.Bf4 Qb6 25.Be5 Bxc3 26.bxc3 Ne4 27.f6 Nxf6 
28.Bd4 Qc6 29.Re5 h6 30.Rf5 Rd6 31.g4 Re8 32.g5 hxg5 33.Rxg5 Ree6 34.Be5 
d4 35.Bxd6 Qxd6 36.c4 d3 37.Rb5 Re2+ 38.Rf2 Rxf2+ 39.Kxf2 d2 40.Rb1 Qxh2+ 
41.Ke3 Qh6+ 42.Kd4 Qh4+ 43.Kc3 Qe1 44.Kc2 g6 45.c5 Qe6 46.Rf1 Qxa2+ 47.Kd1
Ne4 48.c6 Qa1+ 49.Kc2 Qa4+ 50.Kd3 f5 51.c7 Qd7+ 52.Ke2 Qxc7 53.Qb3+ Kg7 
54.Qb2+ Kg8 55.Qb3+ Kg7 56.Qb2+ Kf7 57.Qa2+ Kf6 58.Qa1+ Ke6 59.Qa2+ Kf6 
60.Qa6+ Qb6 61.Qa1+ Kf7 62.Qa2+ Ke7 63.Qa3+ Ke8 64.Qd3 d1=Q+ 65.Kxd1 Nf2+ 
66.Rxf2 Qxf2 67.Qd6 Qb6 68.Qe5+ Kf7 69.Qh8 Qf6 70.Qh7+ Qg7 71.Qh3 Qd4+ 72.
Kc2 Kg7 73.Qg3 f4 74.Qg4 Qe4+ 75.Kd2 Qd4+ 76.Kc2 a5 77.Kb3 Qd5+ 78.Ka4 f3 
79.Qf4 g5 80.Qg3 Kg6 81.Qe1 Kf5 82.Qh1 Qa2+ 83.Kb5 Qd5+ 84.Ka4 Qa2+ 85.Kb5
Kg4 86.Qg1+ Kf4 87.Qd4+ Kf5 88.Qd3+ Kg4 89.Qe4+ Kg3 90.Qe5+ Kh4 91.Qh8+ 
Kg4 92.Qd4+ Kh3 93.Qh8+ Kg2 94.Qh5 Qd5+ 95.Ka6 Qf5 0-1

[Event "3rd EUR-ch"]
[Site "Batumi GEO"]
[Date "2002.06.22"]
[Round "10"]
[White "Kallio, Heikki"]
[Black "Jojua, Davit"]
[Result "1-0"]
[WhiteElo "2502"]
[BlackElo "2125"]
[EventDate "2002.06.12"]
[PlyCount "129"]

1.e4 c5 2.Ne2 e6 3.Nbc3 d6 4.g3 Nf6 5.Bg2 Nc6 6.O-O Be7 7.h3 O-O 8.Kh2 a6 
9.f4 d5 10.e5 Nd7 11.d4 cxd4 12.Nxd4 Nxd4 13.Qxd4 Qc7 14.Be3 Bc5 15.Qd2 
Bxe3 16.Qxe3 Qc5 17.Qxc5 Nxc5 18.Ne2 b5 19.Nd4 Bd7 20.g4 Rfc8 21.f5 a5 22.
h4 b4 23.f6 g6 24.h5 gxh5 25.gxh5 Kh8 26.Bf3 Rg8 27.Rg1 h6 28.a3 Rxg1 29.
Kxg1 bxa3 30.Rxa3 a4 31.Rc3 Rc8 32.Kf1 Nb7 33.Rxc8+ Bxc8 34.Kf2 Kg8 35.Ke3
Kf8 36.Be2 Ke8 37.Nf3 Nc5 38.Nh2 Ba6 39.Bd1 Nd7 40.Ng4 Nb6 41.Kd4 Nc4 42.
Kc3 d4+ 43.Kb4 Nxb2 44.Bf3 d3 45.cxd3 Bxd3 46.Nxh6 a3 47.Kxa3 Nc4+ 48.Kb4 
Nxe5 49.Bd1 Nd7 50.Ba4 Be2 51.Nf5 Kf8 52.Bxd7 exf5 53.h6 Kg8 54.Bxf5 Bf3 
55.Kc5 Bd1 56.Kc4 Be2+ 57.Kd5 Bd1 58.Kd6 Bb3 59.Ke7 Bc4 60.Be4 Bb3 61.Bc6 
Kh7 62.Be8 Kxh6 63.Bxf7 Bc2 64.Bh5 Bb3 65.Bg4 1-0

[Event "3rd EUR-ch"]
[Site "Batumi GEO"]
[Date "2002.06.22"]
[Round "10"]
[White "Aroshidze, Levan"]
[Black "Radulski, Yulian"]
[Result "1/2-1/2"]
[WhiteElo "2346"]
[BlackElo "2501"]
[EventDate "2002.06.12"]
[PlyCount "130"]

1.e4 e5 2.Nf3 Nc6 3.Bb5 a6 4.Ba4 Nf6 5.O-O Be7 6.Re1 b5 7.Bb3 d6 8.c3 O-O 
9.h3 Na5 10.Bc2 c5 11.d4 Nc6 12.d5 Na5 13.b3 Re8 14.Nbd2 g6 15.a4 Bd7 16.
b4 Nb7 17.Nf1 cxb4 18.cxb4 a5 19.Bd2 axb4 20.Bxb4 bxa4 21.Bxa4 Bxa4 22.
Rxa4 Nd7 23.N1d2 Nbc5 24.Rxa8 Qxa8 25.Bxc5 Nxc5 26.Nb3 Nd7 27.Nfd2 f5 28.
exf5 gxf5 29.Qf3 Rf8 30.Nd4 Qa5 31.Nxf5 Rxf5 32.Qxf5 Qxd2 33.Re3 Nf8 34.
Rg3+ Ng6 35.h4 Qc1+ 36.Kh2 Qf4 37.Qe6+ Kh8 38.h5 Qh4+ 39.Kg1 Qxh5 40.Rxg6 
Qxg6 41.Qxe7 h5 42.g3 Kg8 43.Qd8+ Kg7 44.Qe7+ Kh6 45.Kh2 h4 46.Qxh4+ Kg7 
47.Kh3 Kf7 48.Qg4 Qh6+ 49.Kg2 Ke8 50.Qc8+ Ke7 51.Qc7+ Ke8 52.Qc8+ Ke7 53.
Qf5 Kd8 54.g4 Kc7 55.Qf7+ Kb6 56.Qe6 Qf8 57.g5 Kc5 58.g6 Qf4 59.Kf1 Qc4+ 
60.Kg1 Qc1+ 61.Kg2 Qg5+ 62.Kh3 Qh6+ 63.Kg4 Qf4+ 64.Kh5 Qh2+ 65.Kg5 Qf4+ 
1/2-1/2

[Event "3rd EUR-ch"]
[Site "Batumi GEO"]
[Date "2002.06.22"]
[Round "10"]
[White "Matnadze, Ana"]
[Black "Supatashvili, Khvicha"]
[Result "0-1"]
[WhiteElo "2365"]
[BlackElo "2509"]
[EventDate "2002.06.12"]
[PlyCount "102"]

1.d4 Nf6 2.g3 d5 3.Bg2 c6 4.Nf3 Bg4 5.O-O e6 6.c4 Nbd7 7.Nc3 Be7 8.Qb3 Qb6
9.c5 Qa6 10.Re1 b6 11.cxb6 axb6 12.e4 O-O 13.exd5 cxd5 14.Bf4 Rfc8 15.h3 
Bf5 16.Bf1 Qa5 17.g4 Bg6 18.a3 Ne4 19.Nb5 Bd8 20.Rac1 h5 21.g5 Bf5 22.Nh4 
Nd2 23.Qe3 Nxf1 24.Rxf1 Qxb5 25.Nxf5 Rxc1 26.Rxc1 Nf8 27.Ng3 Qxb2 28.Nxh5 
Ng6 29.Bd6 Nh4 30.g6 Nf5 31.Qf4 fxg6 32.Re1 gxh5 33.Rxe6 Qb1+ 34.Kh2 Nxd6 
35.Qxd6 Qb5 36.Re5 Bf6 37.Qe6+ Kh7 38.Rxh5+ Kg6 39.Rxd5 Qe8 40.Qxb6 Qe4 
41.Qc6 Re8 42.Qd7 Qf4+ 43.Kg2 Qe4+ 44.Kh2 Rh8 45.a4 Qf4+ 46.Kg2 Qe4+ 47.
Kh2 Qf3 48.Qe6 Qxf2+ 49.Kh1 Qf3+ 50.Kh2 Rh4 51.Rd7 Re4 0-1

[Event "3rd EUR-ch"]
[Site "Batumi GEO"]
[Date "2002.06.22"]
[Round "10"]
[White "Gurcan, Selim"]
[Black "Priehoda, Vitezslav"]
[Result "1/2-1/2"]
[WhiteElo "2283"]
[BlackElo "2425"]
[EventDate "2002.06.12"]
[PlyCount "90"]

1.e4 e6 2.d4 d5 3.Nc3 Bb4 4.e5 c5 5.a3 Bxc3+ 6.bxc3 Qc7 7.Qg4 Kf8 8.Bd2 
Ne7 9.Bd3 b6 10.Nf3 Ba6 11.dxc5 bxc5 12.Bxa6 Nxa6 13.O-O h6 14.Rab1 Kg8 
15.c4 Qc6 16.cxd5 exd5 17.Rfc1 Qe6 18.Qh4 Nf5 19.Qa4 Kh7 20.Rb7 Rhb8 21.
Rcb1 c4 22.Rxb8 Rxb8 23.Rxb8 Nxb8 24.Qxa7 Nc6 25.Qc7 Nfd4 26.Ne1 Nxe5 27.
h3 Nec6 28.Kh2 Qe2 29.Qf4 Kg8 30.Qe3 Qh5 31.a4 Ne6 32.Nf3 d4 33.Qe4 Qc5 
34.g4 c3 35.Be1 Nb4 36.a5 d3 37.cxd3 c2 38.Bd2 Qxf2+ 39.Kh1 Qf1+ 40.Ng1 
c1=Q 41.Bxc1 Nxd3 42.Be3 Ne1 43.Bd2 Nd3 44.Be3 Ne1 45.Bd2 Nd3 1/2-1/2

[Event "3rd EUR-ch"]
[Site "Batumi GEO"]
[Date "2002.06.22"]
[Round "10"]
[White "Shanava, Konstantine"]
[Black "Citak, Selim"]
[Result "1-0"]
[WhiteElo "2390"]
[BlackElo "2035"]
[EventDate "2002.06.12"]
[PlyCount "103"]

1.e4 e5 2.Nf3 Nc6 3.Bc4 Bc5 4.c3 Nf6 5.d3 d6 6.Nbd2 a6 7.Bb3 Ba7 8.O-O O-O
9.h3 Be6 10.Bc2 d5 11.Re1 dxe4 12.dxe4 Nh5 13.Nh2 Nf4 14.Qf3 f5 15.exf5 
Bxf5 16.Bxf5 Rxf5 17.Ne4 Qf8 18.Qg3 Rd8 19.Ng4 Rd1 20.Bxf4 Rxa1 21.Rxa1 
Rxf4 22.Ng5 Qf5 23.Ne3 Qg6 24.Kh2 h6 25.Nf3 Qf7 26.Ng4 Kh7 27.Qh4 Rf5 28.
Re1 Bc5 29.Kg1 Be7 30.Qg3 Bd6 31.Nd2 Kh8 32.b3 e4 33.Qe3 Bc5 34.Qe2 Rxf2 
35.Nxf2 e3 36.Nde4 exf2+ 37.Nxf2 Ne5 38.Kh1 Bxf2 39.Rf1 Qg6 40.Qxe5 Bg3 
41.Rf8+ Kh7 42.Qf5 Qxf5 43.Rxf5 Kg6 44.Rf3 Be5 45.Kg1 Bf6 46.Kf2 Kf7 47.
Ke3 Ke6 48.Ke4 b6 49.c4 a5 50.Rf5 c6 51.Rf1 Bc3 52.Rf8 1-0

[Event "3rd EUR-ch"]
[Site "Batumi GEO"]
[Date "2002.06.22"]
[Round "10"]
[White "Asylguzhin, Radik"]
[Black "Karadeniz, Emre"]
[Result "0-1"]
[WhiteElo "2387"]
[BlackElo "2307"]
[EventDate "2002.06.12"]
[PlyCount "74"]

1.e4 e5 2.Nf3 Nf6 3.d3 Nc6 4.c3 d5 5.Nbd2 a5 6.Be2 Bc5 7.Qc2 O-O 8.h3 Re8 
9.Nf1 a4 10.g4 d4 11.Ng3 a3 12.b4 Bd6 13.b5 Na7 14.c4 c6 15.bxc6 Nxc6 16.
O-O Nd7 17.Kh2 Bb4 18.Bd2 Nc5 19.Rab1 Qa5 20.Bxb4 Nxb4 21.Qd2 Nbxd3 22.
Bxd3 Qxd2 23.Nxd2 Nxd3 24.Rb3 Nb2 25.f4 exf4 26.Rxf4 Be6 27.Rff3 Nxc4 28.
Nxc4 Bxc4 29.Rxa3 d3 30.Rfxd3 Bxd3 31.Rxd3 Rxa2+ 32.Kg1 g6 33.Rb3 Rc8 34.
Rb1 Rcc2 35.Nf1 Rab2 36.Rd1 Re2 37.Rd8+ Kg7 0-1

[Event "3rd EUR-ch"]
[Site "Batumi GEO"]
[Date "2002.06.22"]
[Round "10"]
[White "Kantaria, Mikheil"]
[Black "Chibukhchian, Artur"]
[Result "1-0"]
[WhiteElo "2259"]
[BlackElo "2379"]
[EventDate "2002.06.12"]
[PlyCount "61"]

1.d4 f5 2.Nc3 Nf6 3.Bg5 g6 4.e3 Bg7 5.Nf3 O-O 6.Bc4+ d5 7.Bxf6 exf6 8.
Bxd5+ Kh8 9.Qd2 c6 10.Bc4 Nd7 11.O-O-O Nb6 12.Bb3 a5 13.a3 Nd5 14.Nxd5 
cxd5 15.Ne1 Rf7 16.Nd3 a4 17.Ba2 Ra5 18.Kb1 b6 19.Nb4 Rc7 20.Rc1 Bb7 21.h4
h5 22.Nd3 Rb5 23.Ka1 Qd6 24.g3 Rc4 25.Nf4 Kh7 26.Qe2 Bf8 27.Bxc4 Rxb2 28.
Kxb2 Qxa3+ 29.Kb1 Bb4 30.c3 dxc4 31.Qxc4 1-0

[Event "3rd EUR-ch"]
[Site "Batumi GEO"]
[Date "2002.06.22"]
[Round "10"]
[White "Yegiazarian, Arsen"]
[Black "Makharadze, Jambul"]
[Result "1/2-1/2"]
[WhiteElo "2567"]
[BlackElo "2302"]
[EventDate "2002.06.12"]
[PlyCount "108"]

1.e4 c5 2.Nf3 d6 3.d4 cxd4 4.Nxd4 Nf6 5.Nc3 a6 6.Rg1 e5 7.Nb3 Be6 8.g4 h6 
9.h4 d5 10.exd5 Nxd5 11.Nxd5 Qxd5 12.Qe2 Nc6 13.Bg2 Qb5 14.Be4 Be7 15.h5 
Qa4 16.Bd2 O-O-O 17.Bxc6 Qxc6 18.O-O-O Rd5 19.Rg3 Qa4 20.Kb1 Rhd8 21.c4 
R5d7 22.Rc1 f6 23.f4 exf4 24.Bxf4 Bg8 25.Re3 Bd6 26.Bxd6 Rxd6 27.Re7 R6d7 
28.Re8 Qc6 29.a3 Qb6 30.Ka2 Rxe8 31.Qxe8+ Rd8 32.Qe4 Qe6 33.Qf4 Qe5 34.Qf2
Kb8 35.Rc3 Re8 36.Nd2 Ka8 37.Rd3 Qc7 38.Rd4 Qb6 39.b3 Re2 40.Qf4 Ka7 41.
Kb2 Be6 42.b4 Qc6 43.Rd8 Bc8 44.Kc3 Re5 45.Nf3 Re4 46.Nd4 Rxf4 47.Nxc6+ 
bxc6 48.Rxc8 Kb7 49.Rf8 Rxg4 50.Rf7+ Kb6 51.c5+ Kb5 52.Rb7+ Ka4 53.Ra7 
Rg3+ 54.Kc4 Rg4+ 1/2-1/2

[Event "3rd EUR-ch"]
[Site "Batumi GEO"]
[Date "2002.06.22"]
[Round "10"]
[White "Olcayoz, Alper"]
[Black "Babaev, Rashad"]
[Result "0-1"]
[WhiteElo "2294"]
[BlackElo "2430"]
[EventDate "2002.06.12"]
[PlyCount "102"]

1.d4 Nf6 2.Nf3 g6 3.Bg5 Bg7 4.Nbd2 d5 5.c3 O-O 6.Bxf6 exf6 7.e3 c6 8.Be2 
f5 9.O-O Nd7 10.c4 dxc4 11.Bxc4 Nb6 12.Bb3 Qe7 13.Rc1 a5 14.Nc4 Nd5 15.
Nce5 Nf6 16.Ng5 Nd5 17.Ngf3 Be6 18.Nd3 Rfd8 19.Nc5 Bc8 20.Na4 Ra7 21.Bxd5 
Rxd5 22.Nb6 Rd8 23.Nxc8 Rxc8 24.Qc2 Raa8 25.Qc5 Qc7 26.Rc2 a4 27.Qc4 Ra5 
28.Rfc1 Qd6 29.g3 Re8 30.Kg2 Bf6 31.h4 h6 32.Rd1 Kg7 33.Rd3 g5 34.hxg5 
hxg5 35.Re2 g4 36.Ng1 b5 37.Qc2 Qd5+ 38.f3 b4 39.Kf2 Rh8 40.e4 fxe4 41.
fxe4 Bxd4+ 42.Ke1 Qe5 43.Rg2 Rh1 44.Qe2 Bxg1 45.Qxg4+ Qg5 46.Qf3 Rc5 47.
Rgd2 Be3+ 48.Qxh1 Bxd2+ 49.Ke2 Bc1 50.Qg1 Rc2+ 51.Ke1 Bd2+ 0-1

[Event "3rd EUR-ch"]
[Site "Batumi GEO"]
[Date "2002.06.22"]
[Round "10"]
[White "Ipek, Ali"]
[Black "Haznedaroglu, Kivanc"]
[Result "1/2-1/2"]
[WhiteElo "2263"]
[BlackElo "2345"]
[EventDate "2002.06.12"]
[PlyCount "34"]

1.d4 d5 2.Nf3 Nf6 3.Bg5 Ne4 4.Bf4 c5 5.e3 Qb6 6.Nc3 e6 7.Nb5 Na6 8.a4 c4 
9.Ne5 Be7 10.c3 O-O 11.Qc2 f5 12.f3 Nf6 13.Be2 Bd7 14.b3 cxb3 15.Qxb3 Qd8 
16.O-O Nh5 17.Bd3 g5 1/2-1/2

[Event "3rd EUR-ch"]
[Site "Batumi GEO"]
[Date "2002.06.22"]
[Round "10"]
[White "Gassanov, Assif"]
[Black "Magalashvili, Davit"]
[Result "1/2-1/2"]
[WhiteElo "2319"]
[BlackElo "2160"]
[EventDate "2002.06.12"]
[PlyCount "195"]

1.e4 c5 2.Nc3 d6 3.g3 Nc6 4.Bg2 g6 5.d3 Bg7 6.Be3 e6 7.Qd2 Nd4 8.Nd1 h5 9.
c3 Nc6 10.Ne2 Nge7 11.h3 b6 12.O-O Bb7 13.d4 cxd4 14.Nxd4 Nxd4 15.cxd4 d5 
16.e5 Nf5 17.Bg5 Qd7 18.g4 hxg4 19.hxg4 Nh4 20.Bh1 Bf8 21.f4 Be7 22.Rc1 
Kf8 23.Rf2 Kg7 24.Rh2 Bxg5 25.fxg5 Rac8 26.Rxc8 Qxc8 27.Qc3 Qd8 28.Qd2 Qc7
29.Kf2 Ba6 30.Kg3 Qc8 31.Qf4 Rh7 32.Nc3 b5 33.a3 Qb8 34.Rxh4 Rxh4 35.Qf6+ 
Kg8 36.Kxh4 b4 37.axb4 Qxb4 38.Qf2 Bc4 39.Bf3 a5 40.Bd1 Bb3 41.Bxb3 Qxb3 
42.Qd2 a4 43.Kg3 a3 44.bxa3 Qxa3 45.Kg2 Qb3 46.Ne2 Qb1 47.Qe3 Qc2 48.Kf2 
Qb1 49.Qd2 Qh1 50.Qc1 Qe4 51.Qf4 Qc2 52.Qf3 Qd2 53.Qe3 Qd1 54.Qc1 Qd3 55.
Ke1 Qf3 56.Qf4 Qd3 57.Qg3 Qb1+ 58.Kd2 Qb2+ 59.Ke3 Qb3+ 60.Kf2 Qc2 61.Qe3 
Qd1 62.Nc3 Qc2+ 63.Kg3 Qb3 64.Qd3 Qb2 65.Nb5 Qc1 66.Nd6 Qg1+ 67.Kf3 Qh1+ 
68.Kf2 Qh2+ 69.Kf1 Qh1+ 70.Ke2 Qg2+ 71.Ke1 Qg1+ 72.Kd2 Qf2+ 73.Kd1 Qg1+ 
74.Kc2 Qf2+ 75.Qd2 Qf3 76.Ne8 Qa3 77.Nf6+ Kg7 78.Qc3 Qa2+ 79.Qb2 Qc4+ 80.
Kd2 Qf1 81.Qc3 Qf2+ 82.Kc1 Qf1+ 83.Kb2 Qe2+ 84.Kb3 Qb5+ 85.Qb4 Qd3+ 86.Kb2
Qe2+ 87.Ka3 Qd3+ 88.Ka4 Qa6+ 89.Kb3 Qd3+ 90.Ka4 Qa6+ 91.Kb3 Qd3+ 92.Qc3 
Qb5+ 93.Kc2 Qe2+ 94.Qd2 Qc4+ 95.Kb2 Qb5+ 96.Ka2 Qa4+ 97.Kb1 Qb3+ 98.Kc1 
1/2-1/2